02463cam a2200289 a 45000010009000000050017000090080041000260100017000670200030000840350024001140350039001380400044001770500024002210820018002452450082002632500013003452600061003583000051004194400045004705000122005155040066006375051273007036500021019767000038019977000056020358560082020911514140820230731120105.0080114s2009 njua b 001 0 eng  a 2008001681 a9780136126638 (casebound) a(OCoLC)ocn190876955 a(OCoLC)190876955z(OCoLC)176915238 aDLCcDLCdYDXdBAKERdBTCTAdYDXCPdDLC00aHF 5686 .C8H59 200900a658.15/1122200aCost accounting :ba managerial emphasis /cCharles T. Horngren ... [et al.]. a13th ed. aUpper Saddle River, NJ :bPearson Prentice Hall,cc2009. axxvii, 870 p. :bill. (chiefly col.) ;c29 cm. 0aCharles T. Horngren series in accounting aRev. ed. of: Cost accounting : a managerial emphasis / Charles T. Horngren, Srikant M. Datar, George Foster. 12th ed. aIncludes bibliographical references (p. 832-835) and indexes.0 aThe accountant's role in the organization -- An introduction to cost terms and purposes -- Cost-volume-profit analysis -- Job costing -- Activity-based costing and activity-based management -- Master budget and responsibility accounting -- Flexible budgets, direct-cost variances, and management control -- Flexible budgets, overhead cost variances, and management control -- Inventory costing and capacity analysis -- Determining how costs behave -- Decision making and relevant information -- Pricing decisions and cost management -- Strategy, balanced scorecard, and strategic profitability analysis -- Cost allocation, customer-profitability analysis, and sales-variance analysis -- Allocation of support-department costs, common costs, and revenues -- Cost allocation : joint products and byproducts -- Process costing -- Spoilage, rework, and scrap -- Balanced scorecard : quality, time, and the theory of constraints -- Inventory management, just-in-time, and simplified costing methods -- Capital budgeting and cost analysis -- Management control systems, transfer pricing, and multinational -- Considerations -- Performance measurement, compensation, and multinational considerations -- Performance measurement, compensation, and multinational considerations. 0aCost accounting.1 aHorngren, Charles T.,d1926-2011.1 aHorngren, Charles T.,d1926-2011.tCost accounting.413Table of contents onlyuhttp://www.loc.gov/catdir/toc/ecip088/2008001681.html